| 000 | 00758cad a22002055a 4500 | ||
|---|---|---|---|
| 001 | E150343 | ||
| 008 | 100702e20100702xxk s000 0 eng d | ||
| 035 | _a(Sirsi) u150343 | ||
| 041 | 0 | _aeng | |
| 110 | 2 |
_aScotland _bScottish Government _95344 |
|
| 245 | 0 | 0 |
_aCrofting reform bill _h[electronic resource] |
| 260 | _c2010 | ||
| 490 |
_aScottish Government News Release _v2 July 2010 |
||
| 520 | _aThe Crofting Reform Bill (see E148980) has been passed by the Scottish Parliament. | ||
| 590 | _aKA | ||
| 651 | 4 |
_aScotland _y1999- |
|
| 690 | _aENVIRONMENTAL AND LAND CONSULTANCY-AGRIBUSINESS-AGRICULTURE | ||
| 856 | 4 | 0 |
_uhttps://www.scotland.gov.uk/News/Releases/2010/07/02082813 _zView the news release free of charge at www.scotland.gov.uk... |
| 942 | _n0 | ||
| 999 |
_c82467 _d82467 |
||